Presente: ciências 3º ano (Record no. 76118)

MARC details
000 -LÍDER
campo de controle de tamanho fixo 00383 a2200157 4500
001 - NÚMERO DE CONTROLE
campo de controle 76118
020 ## - ISBN - INTERNATIONAL STANDARD BOOK NUMBER
ISBN - International Standard Book Number 978-85-16119423
040 ## - FONTE DA CATALOGAÇÃO
Instituição que transcreveu o registro Anchieta - Colégio São Paulo
100 ## - ENTRADA PRINCIPAL--NOME PESSOAL
Nome pessoal Carone, Célia R.
240 10 - TÍTULO UNIFORME
Título uniforme Presente: ciências 3º ano
Idioma da obra por
245 10 - TÍTULO
Título Presente: ciências 3º ano
300 ## - DESCRIÇÃO FÍSICA
Extensão 163
362 0# - DATAS DE PUBLICAÇÃO E/OU DESIGNAÇÃO SEQUENCIAL
Datas de publicação e/ou designação sequencial 2015
650 #4 - ASSUNTO--TERMO TÓPICO
Cabeçalho tópico ou nome geográfico Ciência da vida - Biologia
942 ## - ELEMENTOS DE ENTRADA ADICIONADOS (KOHA)
Tipo de material Koha Livros
Holdings
Situação do descarte Situação das perdas Situação física Não pode ser emprestado Biblioteca de origem Biblioteca atual Data de aquisição Total de empréstimos Número de chamada completo Código de barras Data de último acesso Data do preço efetivo Tipo de material Koha
        Colégio São Paulo Colégio São Paulo 22/11/2023   570 B125p 8367/CSP 22/11/2023 22/11/2023 Livros